00717nam a2200193 a 450000100100000000500170001000800410002704000250006808200150009310000270010824500840013525000110021926000620023030000280029250000410032050400320036195201130039399900170050600001916320200929165934.0760616s1975 ve a b 000 0 spa  aDO-SdBNPbspacBNPHU axxxxbxxxx1 aPardo, Isaac J.94125110aEsta tierra de gracia :bimagen de Venezuela en el siglo XVI /cIsaac J. Pardo. a3a ed. aCaracas :bConcejo Municipal del Distrito Federal,c1975. a178 p. :bil. ;c28 cm. aIncluye notas al pie de las p?0ginas aBibliografía : p. 173-178 001050718MOaGRbGRcCTd2010-05-27iLF1l0oxxxx xxxxp19163-10r2020-06-25w2020-06-25y1ZNo se presta c18681d18681